Tris Buffer Protects DNA Backbone against Breakage upon Irradiation with Ultraviolet Light

Bibliographic Details
Main Authors: Kejnovský, E. (Author), Kypr, Jaroslav, 1952- (Author)
Format: Article
Language:Slovak
English

MARC

LEADER 00000nab a2200000 a 4500
001 vtls010736229
003 SK-MaSNL
005 20260304190856.0
008 250709s1993 xo |||||||||||||||||slo|
035 |a (urnnbn)urn:nbn:sk:snk:ar-a05ih9 
035 |a (uuid)8d765146-747b-4ae6-8a2a-571214b026ef 
035 |a urn:nbn:sk:snk-ab3xoi 
040 |a SNKBUCL  |b slo  |c SNKBUCL  |e AACR2 
041 0 |a eng 
044 |a xo  |c SK 
100 1 |a Kejnovský, E.  |4 aut  |9 1188620 
245 1 0 |a Tris Buffer Protects DNA Backbone against Breakage upon Irradiation with Ultraviolet Light  |c E. Kejnovský, J. Kypr 
700 1 |a Kypr, Jaroslav,  |d 1952-  |4 aut  |9 224898 
773 0 |t General physiology and biophysics : an international journal  |g Roč. 12, č. 4 (1993), s. 317-324 
850 |a Slovenská národná knižnica 
852 |a Slovenská národná knižnica 
958 |a article1 
958 |a OND 
958 |a EUIPO 
999 |c 3051681  |d 3053611